000 00319nam a2200121Ia 4500
008 220204s9999 xx 000 0 und d
082 _a541.1:541.13
_bBOC
245 0 _aElectrochemistry
260 _aLondon
_bButterworths
_c1973
490 _aPhysical chemsitry, series one V 6
700 _aBockris, J O M
942 _cBK
999 _c24877
_d24877